| 000 | 01673nam a22004217a 4500 | ||
|---|---|---|---|
| 005 | 20200104041738.0 | ||
| 008 | 160301t2015 ck abd fr|||| 00| 0 spa d | ||
| 020 | _a9789588889634 | ||
| 040 |
_aCO-BoIAVH _cCO-BoIAVH |
||
| 041 | 0 | _aspa | |
| 044 | _ack | ||
| 082 | 0 | 4 |
_a595.3168 _bC19l |
| 100 | 1 | _aCampos, Martha R. | |
| 245 | 1 | 0 |
_aLibro rojo de los cangrejos dulceacuícolas de Colombia / _cpor Marthe R. Campos y Carlos A. Lasso |
| 260 |
_aBogotá : _bInstituto de Investigación de Recursos Biológicos Alexander von Humboldt : _bInstituto de Ciencias Naturales de la Universidad Nacional de Colombia, _c2015. |
||
| 300 |
_a168 páginas : _bilustraciones a color, mapas y tablas ; _c17 x 24 cm. |
||
| 504 | _aIncluye referencias bibliográficas: páginas 151-156. | ||
| 505 | 2 | _a- Introducción. | |
| 505 | 2 | _a- Metodología. | |
| 505 | 2 | _a- Resultados. | |
| 505 | 2 | _a- Catálogo de especies. | |
| 505 | 2 | _a- Discusión. | |
| 505 | 2 | _a- Bibliografía. | |
| 505 | 2 | _a- Anexos. | |
| 505 | 2 | _a- Índice por especie. | |
| 505 | 2 | _a- Anotaciones de campo. | |
| 650 | 6 | _aCangrejo de río | |
| 650 | 4 |
_aCongrejos de agua dulce _xconservación _zColombia |
|
| 650 | 6 |
_aCangrejo de río _xcaracterización |
|
| 650 | 4 | _aFamilia pseudothelphusidae | |
| 650 | 4 | _aFamilia Trichodactylidae | |
| 650 | 6 | _aEspecies en peligro de extinción | |
| 650 | 4 |
_aEspecies amenzadas _zColombia |
|
| 700 | 1 | _aLasso, Carlos A. | |
| 700 | 1 |
_aThaporn, Donald _etraductor |
|
| 710 | 2 | _aInstituto de Investigación de Recursos Biológicos Alexander von Humboldt. | |
| 942 |
_2ddc _cLIBRO _05 |
||
| 999 |
_c18186 _d18186 |
||